• AIU
  • Tony Wilmot Memorial Library

Nyaa shoo boo laa a bee. (Record no. 40832)

MARC details
000 -LEADER
fixed length control field 00774nam a22002171a 4500
005 - DATE AND TIME OF LATEST TRANSACTION
control field 20110718133350.0
008 - FIXED-LENGTH DATA ELEMENTS--GENERAL INFORMATION
fixed length control field 091005s1994 cou 001 0 eng d
020 ## - INTERNATIONAL STANDARD BOOK NUMBER
Terms of availability 0.00
040 ## - CATALOGING SOURCE
Original cataloging agency NEGST Library - Kenya
050 #4 - LIBRARY OF CONGRESS CALL NUMBER
Classification number BS 325.M86 1994
082 0# - DEWEY DECIMAL CLASSIFICATION NUMBER
Classification number BS 325.M86 1994
100 1# - MAIN ENTRY--PERSONAL NAME
Personal name International Bible Society.
245 10 - TITLE STATEMENT
Title Nyaa shoo boo laa a bee.
260 ## - PUBLICATION, DISTRIBUTION, ETC. (IMPRINT)
Place of publication, distribution, etc Colorado Springs, Colo. :
Name of publisher, distributor, etc International Bible Soci,
Date of publication, distribution, etc 1994.
300 ## - PHYSICAL DESCRIPTION
Extent 782 p. : ill.
500 ## - GENERAL NOTE
General note "The New Testament in Mumuye language of Nigeria, West Africa." - T.p. verso. Maps on end papers. [Africana]
600 10 - SUBJECT ADDED ENTRY--PERSONAL NAME
Personal name Mumuye language - Texts.
600 10 - SUBJECT ADDED ENTRY--PERSONAL NAME
Personal name Bible. N.T. Mumuye. 1994.
700 1# - ADDED ENTRY--PERSONAL NAME
Personal name Nigerian Bible Translation Trust.
852 ## - LOCATION/CALL NUMBER
-- 4.00
Holdings
Withdrawn status Lost status Source of classification or shelving scheme Damaged status Not for loan Collection code Home library Current library Shelving location Date acquired Cost, normal purchase price Full call number Barcode Date last seen Price effective from Koha item type
    Library of Congress Classification     Reference AIU/NEGST - Tony Wilmot Memorial Library AIU/NEGST - Tony Wilmot Memorial Library Reference 10/05/2009 4.00 REF BS 325.M86 1994 R49028K3232 09/26/2019 10/05/2009 Africana collection ( Reference)